000 00466nam a22001697a 4500
005 20251108172720.0
008 250721s1999 xx 000 0 ara d
082 1 4 _a791.43/دول
100 1 _aدولوز، جيل
_eمؤلف
245 1 0 _aالصورة الزمن /
264 1 _aدمشق :
_bوزارة الثقافة،
_c1999.
300 _a368ص.
650 1 7 _aالسينما
700 1 _aعودة، حسن
_eمترجم
942 _2ddc
_cBK
999 _c86671
_d86671